Strategic management. (formarly corporate strategy). (5th ed.) (Record no. 76855)

MARC details
000 -LEADER
fixed length control field 01699nam a2200265 a 4500
008 - FIXED-LENGTH DATA ELEMENTS--GENERAL INFORMATION
fixed length control field 100330s2009 ||||||||||||||||| || u
020 ## - INTERNATIONAL STANDARD BOOK NUMBER
International Standard Book Number 9780273716389
050 ## - LIBRARY OF CONGRESS CALL NUMBER
Classification number HD 30.28 Lyn
100 ## - MAIN ENTRY--PERSONAL NAME
Personal name Lynch, Richard
245 10 - TITLE STATEMENT
Title Strategic management. (formarly corporate strategy). (5th ed.)
Statement of responsibility, etc. Richard Lynch
250 ## - EDITION STATEMENT
Edition statement 5th ed.
260 ## - PUBLICATION, DISTRIBUTION, ETC.
Place of publication, distribution, etc. Harlow, England:
Name of publisher, distributor, etc. Prentice Hall
Date of publication, distribution, etc. 2009
300 ## - PHYSICAL DESCRIPTION
Extent xxx, 826p.: ill.
350 ## -
-- 0.00
650 #0 - SUBJECT ADDED ENTRY--TOPICAL TERM
Topical term or geographic name entry element BUSINESS PLANNING
650 #0 - SUBJECT ADDED ENTRY--TOPICAL TERM
Topical term or geographic name entry element STRATEGIC PLANNING
650 #0 - SUBJECT ADDED ENTRY--TOPICAL TERM
Topical term or geographic name entry element MANAGEMENT
995 ## -
-- TEXTBOOKS (SB)
-- 0.00
-- 03007708
-- CBU-SCHOOL TEXTBOOK COLLECTIONS
-- 1
-- 0.00
-- SCHOOL TEXTBOOK
-- 7
-- AVAILABLE
-- May 11, 2011
-- Z03007708
-- School Collections
995 ## -
-- MAIN LIBRARY OPEN ACCESS
-- 0.00
-- 741296
-- CBU-MAIN LIBRARY (Kitwe)
-- 1
-- 0.00
-- HD 30.28 LYN
-- 2
-- AVAILABLE
-- May 12, 2010
-- 741296
-- Main Library Open Access Collection
995 ## -
-- TEXTBOOKS (SB)
-- 0.00
-- 03007706
-- CBU-SCHOOL TEXTBOOK COLLECTIONS
-- 1
-- 0.00
-- SCHOOL TEXTBOOK
-- 5
-- AVAILABLE
-- May 11, 2011
-- Z03007706
-- School Collections
995 ## -
-- TEXTBOOKS (SB)
-- 0.00
-- 03007704
-- CBU-SCHOOL TEXTBOOK COLLECTIONS
-- 1
-- 0.00
-- SCHOOL TEXTBOOK
-- 3
-- AVAILABLE
-- May 11, 2011
-- Z03007704
-- School Collections
995 ## -
-- TEXTBOOKS (SB)
-- 0.00
-- 03007707
-- CBU-SCHOOL TEXTBOOK COLLECTIONS
-- 1
-- 0.00
-- SCHOOL TEXTBOOK
-- 6
-- AVAILABLE
-- May 11, 2011
-- Z03007707
-- School Collections
995 ## -
-- MAIN LIBRARY OPEN ACCESS
-- 0.00
-- 741295
-- CBU-MAIN LIBRARY (Kitwe)
-- 1
-- 0.00
-- HD 30.28 LYN
-- 1
-- AVAILABLE
-- May 12, 2010
-- 741295
-- Main Library Open Access Collection
995 ## -
-- TEXTBOOKS (SB)
-- 0.00
-- 03007705
-- CBU-SCHOOL TEXTBOOK COLLECTIONS
-- 1
-- 0.00
-- SCHOOL TEXTBOOK
-- 4
-- AVAILABLE
-- May 11, 2011
-- Z03007705
-- School Collections
999 ## -
-- 76855
-- 76855
Holdings
Withdrawn status Lost status Source of classification or shelving scheme Damaged status Not for loan Permanent Location Current Location Shelving location Date acquired Total Checkouts Full call number Barcode Date last seen Copy number Price effective from Koha item type
          CBU-MAIN LIBRARY, KITWE. CBU-MAIN LIBRARY, KITWE.   04/25/2023   HD 30.28 Lyn 741296 04/25/2023 2 04/25/2023 MONOGRAPH
          CBU-MAIN LIBRARY, KITWE. CBU-MAIN LIBRARY, KITWE.   04/25/2023   HD 30.28 Lyn 741295 04/25/2023 6 04/25/2023 MONOGRAPH
          CBU-SCHOOL TEXT BOOK COLLECTION CBU-SCHOOL TEXT BOOK COLLECTION   04/25/2023   SCHOOL TEXTBOOK Z03007708 04/25/2023 1 04/25/2023 MONOGRAPH
          CBU-SCHOOL TEXT BOOK COLLECTION CBU-SCHOOL TEXT BOOK COLLECTION   04/25/2023   SCHOOL TEXTBOOK Z03007706 04/25/2023 3 04/25/2023 MONOGRAPH
          CBU-SCHOOL TEXT BOOK COLLECTION CBU-SCHOOL TEXT BOOK COLLECTION   04/25/2023   SCHOOL TEXTBOOK Z03007704 04/25/2023 4 04/25/2023 MONOGRAPH
          CBU-SCHOOL TEXT BOOK COLLECTION CBU-SCHOOL TEXT BOOK COLLECTION   04/25/2023   SCHOOL TEXTBOOK Z03007707 04/25/2023 5 04/25/2023 MONOGRAPH
          CBU-SCHOOL TEXT BOOK COLLECTION CBU-SCHOOL TEXT BOOK COLLECTION   04/25/2023   SCHOOL TEXTBOOK Z03007705 04/25/2023 7 04/25/2023 MONOGRAPH